Czimbalmos Endre
Elmentve itt :
| Dokumentumtípus: | Cikk |
|---|---|
| Megjelent: |
2008-07-03
|
| Sorozat: | Délmagyarország
98 No. 154 |
| Kulcsszavak: | Czimbalmos Endre, Fábiánsebestyén, Szeged, Tanár, Festőművész, Gyászközlemény |
| Online Access: | http://dmarchiv.bibl.u-szeged.hu/140304 |
| LEADER | 00461nab a2200145 i 4500 | ||
|---|---|---|---|
| 001 | delm140304 | ||
| 005 | 20200108134533.0 | ||
| 008 | 200108s2008 hu o 0|| hun d | ||
| 040 | |a SZTE Délmagyarország Archívum |b hun | ||
| 041 | |a hun | ||
| 245 | 0 | 0 | |a Czimbalmos Endre |h [elektronikus dokumentum] |
| 260 | |c 2008-07-03 | ||
| 300 | |a 19 | ||
| 490 | 0 | |a Délmagyarország |v 98 No. 154 | |
| 695 | |a Czimbalmos Endre, Fábiánsebestyén, Szeged, Tanár, Festőművész, Gyászközlemény | ||